Encyclopedia of AIDS : (Record no. 22239)

000 -LEADER
fixed length control field 01242cam a22002654a 4500
001 - CONTROL NUMBER
control field 12011986
003 - CONTROL NUMBER IDENTIFIER
control field OSt
005 - DATE AND TIME OF LATEST TRANSACTION
control field 20170123155501.0
008 - FIXED-LENGTH DATA ELEMENTS--GENERAL INFORMATION
fixed length control field 000518s2001 nyu be 001 0 eng
010 ## - LIBRARY OF CONGRESS CONTROL NUMBER
LC control number 00041696
020 ## - INTERNATIONAL STANDARD BOOK NUMBER
International Standard Book Number 0140514864
040 ## - CATALOGING SOURCE
Original cataloging agency DLC
Transcribing agency DLC
Modifying agency DLC
042 ## - AUTHENTICATION CODE
Authentication code pcc
050 00 - LIBRARY OF CONGRESS CALL NUMBER
Classification number RA644.A25
Item number E5276 2001
082 00 - DEWEY DECIMAL CLASSIFICATION NUMBER
Classification number 362.1/969792/003
Edition number 21
245 00 - TITLE STATEMENT
Title Encyclopedia of AIDS :
Remainder of title a social, political, cultural, and scientific record of the HIV epidemic /
Statement of responsibility, etc. edited by Raymond A. Smith ; forewords by James W. Curran, Peter Piot.
260 ## - PUBLICATION, DISTRIBUTION, ETC. (IMPRINT)
Place of publication, distribution, etc. New York :
Name of publisher, distributor, etc. Penguin Books,
Date of publication, distribution, etc. 2001.
300 ## - PHYSICAL DESCRIPTION
Extent xxxiii, 782 p. ;
Dimensions 24 cm.
500 ## - GENERAL NOTE
General note Previously published by: Chicago : Fitzroy Dearborn, 1998.
504 ## - BIBLIOGRAPHY, ETC. NOTE
Bibliography, etc Includes bibliographical references and index.
650 #0 - SUBJECT ADDED ENTRY--TOPICAL TERM
Topical term or geographic name as entry element AIDS (Disease)
Form subdivision Encyclopedias.
700 1# - ADDED ENTRY--PERSONAL NAME
Personal name Smith, Raymond A.,
Dates associated with a name 1967-
906 ## - LOCAL DATA ELEMENT F, LDF (RLIN)
a 7
b cbc
c orignew
d 1
e ocip
f 20
g y-gencatlg
942 ## - ADDED ENTRY ELEMENTS (KOHA)
Source of classification or shelving scheme
Koha item type Reference Material
Classification part REF RA 644 .A25E5276 2001
Holdings
Withdrawn status Lost status Source of classification or shelving scheme Damaged status Not for loan Home library Current library Shelving location Date acquired Source of acquisition Total Checkouts Full call number Barcode Date last seen Price effective from Koha item type
          MACHAKOS UNIVERSITY LIBRARY MACHAKOS UNIVERSITY LIBRARY Technical section 23/01/2017 Donation (BFA)   REF RA 644 .A25E5276 2001 31812 05/07/2018 23/01/2017 Reference Material
© Machakos University Library, Along The Highway, Machakos Wote Rd, Machakos, Kenya P.O. Box 136 - 90100 Machakos - Kenya

Tel: ( +254 ) 723 805829 OR Fax : 044-20353 OR Email: library@mksu.ac.ke